000 00626nam a22001937a 4500
003 OSt
005 20250704040148.0
008 250704b |||||||| |||| 00| 0 eng d
020 _a978-621-478-081-5
040 _aDWCL- Main Lib
_cOC
082 _aFil. 613.7 E74p 2024
100 _aEscueta, Margaret M.
245 _aPath Fit 2:
_bfitness exercises/
_cMargaret M. Escueta
260 _aManila, Philippines:
_bEDRIC Publishing House,
_cc2024.
300 _a90 pages:
_billustrations;
_c21cm.
504 _aIncludes bibliographical references.
650 _a1. Physical fitness - Exercise.
942 _2ddc
_cBK - FIL
_kFil.
_n0
999 _c3382
_d3382